000 00619nam a2200217Ia 4500
003 OSt
005 20240930164104.0
008 210210b1945 xxu||||| |||| 00| 0 eng d
040 _cAL
041 _aHindi
082 _a868/36
100 _aPANDEY (Gangaprasad)
_dगंगा प्रसाद पांडे
_9180938
245 _aChayavad aur rahasyavad
_bछायावाद और रहस्यवाद
260 _aIlAhAbAd
_b-
_c1945
650 _arahasyavad
_9180939
650 _aChAyavad
_9180940
650 _aaur
_9180941
690 _aBiography
_9180942
906 _a023761
942 _2ddc
_cBK
999 _c148726
_d148726